[Event "FICGS class C 000158 email"]
[Site "FICGS email"]
[Date "2010.10.05"]
[Round "1"]
[White "Artista, Wu"]
[Black "Ropokis, Dimitrios"]
[Result "0-1"]
[WhiteElo "1800"]
[BlackElo "1738"]
[PlyCount "34"]
[EventDate "2010.??.??"]
[EventType "tourn (corr)"]
[EventRounds "5"]
[SourceTitle "Corr 2013"]
[Source "ChessBase"]
[SourceDate "2012.11.12"]
[SourceVersion "1"]
[SourceVersionDate "2012.11.12"]
[SourceQuality "1"]

1. e4 c6 2. d4 d5 3. e5 Bf5 4. Bd3 Bxd3 5. Qxd3 e6 6. Ne2 Ne7 7. Ng3 Nd7 8. f4 Qc7 9. 0-0 c5 10. c3 Nc6 11. f5 cxd4 12. fxe6 fxe6 13. cxd4 Nxd4 14. Rxf8+ Rxf8 15. Nc3 Qxe5 16. Be3 Nc2 17. Bf2 Nxa1 0-1